000 00495nam a22001577a 4500
005 20240510103844.0
008 240510b |||||||| |||| 00| 0 eng d
041 _aEnglish
082 _a349 LAW
100 _lEnglish
245 _aThe Law Reports : Queen's Bench Division
260 _aLondon:
_bThe Incorporated Law of Law Reporting for England and Wales,
_c1988
300 _bxxiv, 970 pages;
_c25 cm.
650 _aLegal practice
_bLaw
942 _cBK
_6ALISON_BN_VRIES
999 _c1656
_d1656